[Event "GBR-ch 99th"]
[Site "North Shields"]
[Date "2012.08.02"]
[Round "10"]
[White "Adair, James R"]
[Black "Waters, Clive L"]
[Result "1-0"]
[WhiteElo "2262"]
[BlackElo "2106"]
[PlyCount "69"]
[EventDate "2012.07.23"]
[EventType "swiss"]
[EventRounds "11"]
[EventCountry "ENG"]
[SourceTitle "CBM 149 Extra"]
[Source "ChessBase"]
[SourceDate "2012.08.24"]
[SourceVersion "1"]
[SourceVersionDate "2012.08.24"]
[SourceQuality "1"]

1. e4 e6 2. d4 d5 3. Nd2 c5 4. Ngf3 Nc6 5. exd5 exd5 6. Bb5 Bd6 7. dxc5 Bxc5 8. 0-0 Nge7 9. Nb3 Bd6 10. Re1 0-0 11. Bd3 Bf5 12. c3 Qd7 13. Bg5 Bxd3 14. Bxe7 Bxe7 15. Qxd3 Rfd8 16. Rad1 Qc7 17. Re2 a5 18. a4 Qb6 19. Qb5 Qc7 20. Rxd5 Rxd5 21. Qxd5 Rd8 22. Qc4 Rd1+ 23. Re1 Rxe1+ 24. Nxe1 Qe5 25. Nf3 Qf5 26. Nbd2 Qc2 27. Qb5 g6 28. g3 Bf6 29. Kg2 Kg7 30. Nc4 Qe2 31. Nfd2 Ne5 32. Nxe5 Qxb5 33. axb5 Bxe5 34. Nc4 Bc7 35. b6 1-0

[Event "GBR-ch Major 98th"]
[Site "Sheffield"]
[Date "2011.07.29"]
[Round "5"]
[White "Sargent, John M"]
[Black "Waters, Clive L"]
[Result "0-1"]
[WhiteElo "1796"]
[BlackElo "2110"]
[PlyCount "94"]
[EventDate "2011.07.25"]
[EventType "swiss"]
[EventRounds "11"]
[EventCountry "ENG"]
[SourceTitle "EXT 2012"]
[Source "ChessBase"]
[SourceDate "2011.11.24"]
[SourceVersion "1"]
[SourceVersionDate "2011.11.24"]
[SourceQuality "1"]

1. e4 c5 2. Nf3 e6 3. d4 cxd4 4. Nxd4 a6 5. Nc3 Qc7 6. Bd3 Nc6 7. Nb3 Bd6 8. Qg4 Ne5 9. Qxg7 Nxd3+ 10. cxd3 Be5 11. Qg5 Bxc3+ 12. bxc3 Qxc3+ 13. Bd2 Qf6 14. 0-0 Qxg5 15. Bxg5 f6 16. Be3 Ne7 17. Rac1 Nc6 18. Rfd1 d6 19. Nd4 Bd7 20. Nxc6 Bxc6 21. f4 Kd7 22. Kf2 b5 23. Rd2 Rhc8 24. Rdc2 a5 25. a3 Ra6 26. d4 Bb7 27. e5 Rxc2+ 28. Rxc2 f5 29. Bd2 Bd5 30. h3 Ra8 31. g4 fxg4 32. hxg4 dxe5 33. dxe5 b4 34. axb4 a4 35. Rc1 a3 36. Ke3 a2 37. Ra1 Rg8 38. g5 Kc6 39. Bc3 Kb5 40. Kd3 Rc8 41. Rc1 Ka4 42. Kd2 Rc4 43. Ba1 Rxb4 44. Kc3 Rxf4 45. Rg1 Kb5 46. g6 hxg6 47. Rxg6 Rf1 0-1

[Event "GBR-ch 95th"]
[Site "Liverpool"]
[Date "2008.08.05"]
[Round "8"]
[White "Houska, Jovanka"]
[Black "Waters, Clive L"]
[Result "1/2-1/2"]
[WhiteElo "2405"]
[BlackElo "2096"]
[PlyCount "197"]
[EventDate "2008.07.28"]
[EventType "swiss"]
[EventRounds "11"]
[EventCountry "ENG"]
[SourceTitle "CBM 125 Extra"]
[Source "ChessBase"]
[SourceDate "2008.09.01"]
[SourceVersion "1"]
[SourceVersionDate "2008.09.01"]
[SourceQuality "1"]

1. d4 d5 2. Nf3 Nf6 3. c4 c6 4. e3 g6 5. Nc3 Bg7 6. cxd5 cxd5 7. Bb5+ Bd7 8. Qb3 Bxb5 9. Qxb5+ Qd7 10. Ne5 Qxb5 11. Nxb5 Na6 12. b3 Nd7 13. Nd3 Ndb8 14. Nf4 Nc6 15. Nxd5 0-0-0 16. Nf4 e5 17. dxe5 Bxe5 18. Rb1 Nab4 19. 0-0 a6 20. Na3 Nxa2 21. Bb2 Bxb2 22. Rxb2 Nab4 23. h4 b5 24. Nc2 Nd3 25. Nxd3 Rxd3 26. Rc1 Rc3 27. Ra1 Kb7 28. Kf1 Rd8 29. Ke2 Rc5 30. g3 Rd6 31. Ne1 Nb4 32. Nf3 h5 33. Nd4 Nc6 34. Nf3 Nb4 35. Ng5 f5 36. Nf3 Nd5 37. Nd4 Nc3+ 38. Kf3 b4 39. Re1 Ne4 40. Kf4 Rc3 41. Ra1 Nc5 42. Rd2 Ne6+ 43. Ke5 Nxd4 44. exd4 Kc7 45. d5 Kd7 46. Rb1 a5 47. Kd4 Rf6 48. Ra2 f4 49. Rxa5 fxg3 50. Ra7+ Rc7 51. Rxc7+ Kxc7 52. fxg3 Rf3 53. Re1 Rxb3 54. Kc5 Rc3+ 55. Kxb4 Rxg3 56. Kc5 Rc3+ 57. Kd4 Rh3 58. Re7+ Kd8 59. Re4 Rg3 60. Ke5 g5 61. Kd6 gxh4 62. Re6 h3 63. Rh6 Kc8 64. Rh8+ Kb7 65. Rxh5 Rg6+ 66. Kc5 Rg3 67. Rh7+ Kc8 68. Kc6 Rc3+ 69. Kd6 Rd3 70. Rh8+ Kb7 71. Ke6 Kc7 72. Rh7+ Kd8 73. Rh4 Kc7 74. Rc4+ Kd8 75. Kd6 Rg3 76. Rh4 Rg6+ 77. Kc5 Rg3 78. Kc6 Rc3+ 79. Kd6 Kc8 80. Rh8+ Kb7 81. Kd7 Rg3 82. Rh7 Re3 83. Kd8+ Kb8 84. d6 Rg3 85. Rh4 Rg8+ 86. Kd7 Rg3 87. Rb4+ Ka7 88. Kc7 Rc3+ 89. Kd8 h2 90. Rh4 Rc2 91. d7 Kb7 92. Rb4+ Ka7 93. Rb1 Rb2 94. Re1 Re2 95. Ra1+ Kb7 96. Rb1+ Ka7 97. Rc1 Kb7 98. Rh1 Kb8 99. Rb1+ 1/2-1/2

[Event "GBR-ch 95th"]
[Site "Liverpool"]
[Date "2008.07.30"]
[Round "3"]
[White "Pert, Richard G"]
[Black "Waters, Clive L"]
[Result "1-0"]
[WhiteElo "2468"]
[BlackElo "2096"]
[PlyCount "83"]
[EventDate "2008.07.28"]
[EventType "swiss"]
[EventRounds "11"]
[EventCountry "ENG"]
[SourceTitle "CBM 125 Extra"]
[Source "ChessBase"]
[SourceDate "2008.09.01"]
[SourceVersion "1"]
[SourceVersionDate "2008.09.01"]
[SourceQuality "1"]

1. d4 d5 2. c4 c6 3. e3 Nf6 4. Nc3 g6 5. Nf3 Bg7 6. cxd5 cxd5 7. Bb5+ Nbd7 8. Qb3 e6 9. Bd2 0-0 10. 0-0 Nb6 11. Rfc1 Bd7 12. Bd3 Bc6 13. Ne5 Nfd7 14. Nxc6 bxc6 15. Ne2 Rc8 16. Bb4 Re8 17. Ba6 Rb8 18. Bd6 Ra8 19. Bb7 Nc4 20. Bxa8 Qxa8 21. Rxc4 dxc4 22. Qxc4 Qb7 23. Ba3 e5 24. Rc1 exd4 25. Nxd4 Ne5 26. Qc2 Rd8 27. h3 Bf6 28. f4 c5 29. fxe5 Bg5 30. Bxc5 Bxe3+ 31. Kh1 Bxc1 32. Qxc1 Qd5 33. Nf3 Qxa2 34. Bd4 Qe6 35. Qh6 Rc8 36. Ng5 Qf5 37. Qxh7+ Kf8 38. Qh8+ Ke7 39. Qf6+ Qxf6 40. exf6+ Ke8 41. Bxa7 Rc1+ 42. Kh2 1-0

[Event "GBR-ch 95th"]
[Site "Liverpool"]
[Date "2008.07.28"]
[Round "1"]
[White "Waters, Clive L"]
[Black "James, Russell A"]
[Result "0-1"]
[WhiteElo "2096"]
[BlackElo "2225"]
[PlyCount "62"]
[EventDate "2008.07.28"]
[EventType "swiss"]
[EventRounds "11"]
[EventCountry "ENG"]
[SourceTitle "CBM 125 Extra"]
[Source "ChessBase"]
[SourceDate "2008.09.01"]
[SourceVersion "1"]
[SourceVersionDate "2008.09.01"]
[SourceQuality "1"]

1. Nf3 Nf6 2. c4 e6 3. g3 d5 4. cxd5 exd5 5. Bg2 c5 6. 0-0 Nc6 7. d4 Be7 8. dxc5 Bxc5 9. Bg5 0-0 10. Nc3 d4 11. Bxf6 Qxf6 12. Nd5 Qd8 13. Nd2 Re8 14. Rc1 Bb6 15. Nc4 Bg4 16. Re1 Ba5 17. Nxa5 Qxa5 18. Qb3 Rab8 19. Nf4 Ne5 20. Red1 d3 21. Nxd3 Bxe2 22. Nxe5 Bxd1 23. Qxf7+ Kh8 24. Rxd1 Qxe5 25. Rd7 Rf8 26. Qe7 Qxb2 27. Qc5 b6 28. Qd4 Qxd4 29. Rxd4 Rbd8 30. Ra4 a5 31. Be4 Rd2 0-1

[Event "Blackpool op 32nd"]
[Site "Blackpool"]
[Date "2008.03.08"]
[Round "3"]
[White "Waters, Clive L"]
[Black "Davies, Nigel Rodney"]
[Result "0-1"]
[WhiteElo "2097"]
[BlackElo "2480"]
[PlyCount "88"]
[EventDate "2008.03.07"]
[EventType "swiss"]
[EventRounds "5"]
[EventCountry "ENG"]
[SourceTitle "CBM 123 Extra"]
[Source "ChessBase"]
[SourceDate "2008.05.06"]
[SourceVersion "1"]
[SourceVersionDate "2008.05.06"]
[SourceQuality "1"]

1. d4 Nf6 2. Bg5 e6 3. Nf3 h6 4. Bxf6 Qxf6 5. e4 d6 6. Nc3 Nd7 7. Qd2 g5 8. 0-0-0 Bg7 9. h3 a6 10. Qe3 0-0 11. g3 b5 12. Bg2 Bb7 13. Nh2 Qe7 14. h4 Rfc8 15. hxg5 hxg5 16. Ng4 c5 17. Ne2 cxd4 18. Nxd4 Ne5 19. Nxe5 dxe5 20. Ne2 Rd8 21. g4 Rxd1+ 22. Rxd1 Rc8 23. Rd3 Bf6 24. Ng3 Qc7 25. Qd2 Bc6 26. Nf1 Be7 27. Ne3 b4 28. Kb1 a5 29. Nd5 exd5 30. exd5 e4 31. d6 exd3 32. dxc7 Bxg2 33. f3 dxc2+ 34. Qxc2 Bxf3 35. Qf5 Bb7 36. Qxa5 Bc6 37. Kc1 Bd7 38. Qe5 Bd8 39. Kd2 Rxc7 40. Qd6 b3 41. axb3 Kg7 42. b4 Be6 43. Ke3 Rd7 44. Qe5+ Bf6 0-1

[Event "Blackpool op 32nd"]
[Site "Blackpool"]
[Date "2008.03.07"]
[Round "1"]
[White "Waters, Clive L"]
[Black "Eggleston, David"]
[Result "0-1"]
[WhiteElo "2097"]
[BlackElo "2346"]
[PlyCount "58"]
[EventDate "2008.03.07"]
[EventType "swiss"]
[EventRounds "5"]
[EventCountry "ENG"]
[SourceTitle "CBM 123 Extra"]
[Source "ChessBase"]
[SourceDate "2008.05.06"]
[SourceVersion "1"]
[SourceVersionDate "2008.05.06"]
[SourceQuality "1"]

1. Nf3 Nf6 2. g3 b6 3. Bg2 Bb7 4. 0-0 e6 5. c4 Be7 6. Nc3 0-0 7. d3 d5 8. cxd5 exd5 9. Nd4 Qd7 10. e4 c5 11. Nf5 d4 12. Ne2 Nc6 13. a3 Rfe8 14. Nxe7+ Qxe7 15. h3 Rad8 16. b3 a5 17. g4 Ba6 18. Ng3 Ne5 19. g5 Nfd7 20. Re1 Nxd3 21. Bf1 N7e5 22. Kg2 Nxe1+ 23. Qxe1 Bxf1+ 24. Qxf1 d3 25. Bd2 Qe6 26. Qd1 Nc6 27. Rc1 Nd4 28. Rc4 a4 29. Rxa4 Qxb3 0-1

[Event "Blackpool op 30th"]
[Site "Blackpool"]
[Date "2006.03.??"]
[Round "1"]
[White "Hebden, Mark"]
[Black "Waters, Clive L"]
[Result "1-0"]
[WhiteElo "2514"]
[BlackElo "2111"]
[PlyCount "68"]
[EventDate "2006.03.??"]
[EventType "swiss"]
[EventRounds "5"]
[EventCountry "ENG"]
[SourceTitle "CBM 111 Extra"]
[Source "ChessBase"]
[SourceDate "2006.05.09"]
[SourceVersion "1"]
[SourceVersionDate "2006.05.09"]
[SourceQuality "1"]

1. d4 d6 2. e4 Nf6 3. Nc3 c6 4. Nf3 Bg4 5. h3 Bh5 6. Qe2 e6 7. g4 Bg6 8. h4 h5 9. g5 Nfd7 10. Be3 Qa5 11. Nd2 d5 12. Bg2 dxe4 13. Ncxe4 Qa6 14. c4 Be7 15. 0-0 Nf8 16. a4 Bf5 17. Ng3 Ng6 18. Nxf5 exf5 19. Nf3 Nd7 20. Bh3 Nb6 21. b3 f4 22. Bd2 0-0 23. Rfe1 Rae8 24. Bf5 c5 25. Bxg6 fxg6 26. d5 Nc8 27. Qd3 Rd8 28. Re2 Rd6 29. Rae1 Bd8 30. Re6 Rf5 31. Rxg6 Rfxd5 32. Qxd5+ Rxd5 33. Rxa6 Rd3 34. Rae6 Nd6 1-0